000 00898nja a2200205 a 4500
003 BLK
005 20240403085914.0
008 180414c bul|r|ner|||| 00| c0bul d
010 _aNOT00003072158
040 _aBLK
100 _aАтанасов - Маестро, Георги
_gГеоргиев, Георги Атанасов (Маестро). Български музикален деец и композитор.
_d1882 - 1931
_qГеоргиев, Георги Атанасов
_9388678
245 1 0 _aСурва година
_cГеорги Атанасов - Маестро.
257 _aBGR
380 _a7
773 _0315112
_9667894
_aАтанасов - Маестро, Георги
_tГодината в песни
852 _aЦб М ІІ 11784
942 _cNOT
_n0
944 _aCR
_c14.01.2010
_k30570
_lМоника Янева
944 _aED
_c12.11.2014
_kВиолета_Тройчева
999 _c315270
_d315270